Breviarum romanum ex decreto Sacrosancti Concilii Tridentini restitutum, S. Pii V Pontificis Maximi jussu editum, Clementi VIII et Urbani VIII auctoritate recognitum, cum officiis sanctorum novissime per summos pontifices usque ad hanc diem concessis

Detalles Bibliográficos
Autor Corporativo: Iglesia Católica
Otros Autores: Pío V, papa, 1504-1572, Clemente VIII, papa, 1536-1605, Urbano VIII, papa, 1568-1644
Formato: Libro
Lenguaje:Latin
Publicado: Mechiliniae : P. J. Hanic, Summi Pontificis, S. Congregationis de Propaganda Fide et Archiep. Mechl. Typogaphus, 1851-
Materias:
Colección:Banco de datos
Acervo:Biblioteca de la Beneficencia Española del Archivo General de Puebla. Puebla
Descripción Física:4 t. : il. ; 4°
Tema general:Liturgia
Notas:Portada a dos tintas con escudo en grabado litográfico. Colofón: Mechliniae, e typographia Hanicquiana.- 1851. Incluye frontispicio en grabado litográfico. Incluye ilustraciones en grabado litográfico. Encuadernación en piel sobre cartón con broches. Texto a dos tintas
LEADER 01357nam a22002290004500
035 |a 56 
041 0 |a lat 
110 1 |a Iglesia Católica 
245 1 0 |a Breviarum romanum ex decreto Sacrosancti Concilii Tridentini restitutum, S. Pii V Pontificis Maximi jussu editum, Clementi VIII et Urbani VIII auctoritate recognitum, cum officiis sanctorum novissime per summos pontifices usque ad hanc diem concessis 
260 |a Mechiliniae : P. J. Hanic, Summi Pontificis, S. Congregationis de Propaganda Fide et Archiep. Mechl. Typogaphus, 1851- 
300 |a 4 t. : il. ; 4° 
500 |a Portada a dos tintas con escudo en grabado litográfico. Colofón: Mechliniae, e typographia Hanicquiana.- 1851. Incluye frontispicio en grabado litográfico. Incluye ilustraciones en grabado litográfico. Encuadernación en piel sobre cartón con broches. Texto a dos tintas  
501 |a 2 obras 
505 0 0 |a Psalterium dispositum per hebdomadam, cum ordinario officii de tempore pars autumnalis, p. 1 - 516.-- Commune sanctorum, p. I - CCXLI 
650 1 0 |a Liturgia 
700 1 |a Pío V, papa, 1504-1572 
700 1 |a Clemente VIII, papa, 1536-1605 
700 1 |a Urbano VIII, papa, 1568-1644 
949 |a t. 4, pars autumnalis (156-A) 
942 |c BENEFICENC 
943 |g Biblioteca de la Beneficencia Española del Archivo General de Puebla. Puebla 
999 |c 946713  |d 946713